Quiz Mythologie Grecque - Statistiques

Statistiques générales
  • Ce quiz a été pris 1 357 fois
    1 340 depuis la dernière actualisation
  • Le résultat moyen est 18 sur 24
Statistiques - réponses
Hint Réponse % Correct
Qui est le dieu des mers et des océans ? Poséidon
99%
Qui est la déesse de la sagesse et de la guerre stratégique ? Athéna
98%
Qui est le dieu de la mort et des enfers ? Hadès
98%
Quel guerrier grec est connu pour avoir été invulnérable partout sauf à son talon ? Achille
97%
Qui est la déesse de l'amour et de la beauté ? Aphrodite
97%
Qui est le messager des dieux ? Hermès
95%
Quel dieu est associé à la guerre et à la violence ? Arès
93%
Quel héros grec a aveuglé le cyclope Polyphème lors de son voyage de retour vers Ithaque ? Ulysse
91%
Quel dieu est souvent associé à la musique, la poésie et la divination ? Apollon
90%
Quelle créature mythologique mi-femme, mi-oiseau, attirait les marins avec son chant envoûtant ? Sirène
89%
Quel héros grec a accompli les douze travaux ? Héraclès
88%
Qui est tombé amoureux de son propre reflet ? Narcisse
88%
Quelle femme a ouvert une boîte qui a libéré tous les maux sur l'humanité ? Pandore
86%
Quelle déesse est liée aux moissons et à l'agriculture ? Déméter
81%
Quel dieu, connu pour ses métamorphoses, a séduit Danaé sous la forme d'une pluie d'or, ce qui a donné naissance à Persée ? Zeus
78%
Qui a offert la pomme "À la plus belle", déclenchant indirectement la guerre de Troie ? Pâris
70%
Quel roi légendaire a transformé tout ce qu'il touchait en or ? Midas
68%
Quelle nymphe, abandonnée par Ulysse sur l'île d'Ogygie, a espéré pendant des années son retour par amour ? Calypso
54%
Quelle déesse de la discorde a jeté la pomme dorée lors des noces de Thétis et Pélée, causant une dispute entre les déesses ? Éris
45%
Quel roi de Sparte a vu son épouse, Hélène, être enlevée par Pâris, ce qui a conduit à la guerre de Troie ? Ménélas
45%
Quelle princesse troyenne a été aimée par Apollon, mais elle a refusé ses avances et a été maudite à ne jamais être crue ? Cassandre
38%
Quelle mortelle a épousé le dieu de l'amour, Éros, mais n'a pu contempler son visage sous peine de le perdre à jamais ? Psyché
30%
Quelle nymphe, pour échapper aux avances du dieu Apollon, a été transformée en arbre ? Daphné
28%
quel couple d'amants tragiques, séparés par un mur et par leurs familles, est mort à cause d'un malentendu cruel ? Pyrame et Thisbé
8%
Aucun quiz correspondant
Distribution des résultats
% des personnes avec chaque résultat
Percentile par nombre de réponses
Votre historique - résultats
Vous n’avez pas pris ce quiz depuis la dernière actualisation